| 000 | 00492nam a2200181Ia 4500 | ||
|---|---|---|---|
| 003 | GCL | ||
| 008 | 140319s9999 xx 000 0 eng d | ||
| 040 |
_aGCL / _cGCL |
||
| 082 | 0 | 4 |
_a005.74 _bK I |
| 100 | 1 | _aKRISHNA,S. | |
| 245 | 1 | 0 |
_aINTRODUCTION TO DATABASE AND KNOWELDGE BASE SYSTEMS / _cKRISHNA,S. |
| 260 |
_a[S.N] : _bWORLD SCIENTIFC PUBISHING ، _c1992 |
||
| 300 | _a328 PP | ||
| 650 | 0 | 4 | _aPROGRAMMING |
| 650 | 0 | 4 | _aCOMPUTER POWER |
| 650 | 0 | 4 | _aDATABASE SYSTEMS |
| 942 |
_2ddc _cBK |
||
| 999 |
_c15537 _d15537 |
||